Machine learning and AI for healthcare (Record no. 114027)
[ view plain ]
| 000 -LEADER | |
|---|---|
| fixed length control field | 00512 a2200169 4500 |
| 005 - DATE AND TIME OF LATEST TRANSACTION | |
| control field | 20250305144620.0 |
| 008 - FIXED-LENGTH DATA ELEMENTS--GENERAL INFORMATION | |
| fixed length control field | 250207b |||||||| |||| 00| 0 eng d |
| 020 ## - INTERNATIONAL STANDARD BOOK NUMBER | |
| International Standard Book Number | 9781484277287 |
| 080 ## - UNIVERSAL DECIMAL CLASSIFICATION NUMBER | |
| Universal Decimal Classification number | 004.8:614 |
| Item number | ARJ/M |
| 100 ## - MAIN ENTRY--PERSONAL NAME | |
| Personal name | Arjun Panesar |
| 245 ## - TITLE STATEMENT | |
| Title | Machine learning and AI for healthcare |
| Remainder of title | : big data for improved health outcomes |
| 260 ## - PUBLICATION, DISTRIBUTION, ETC. (IMPRINT) | |
| Name of publisher, distributor, etc | Apress |
| Place of publication, distribution, etc | Berkeley |
| Date of publication, distribution, etc | 2021 |
| 300 ## - PHYSICAL DESCRIPTION | |
| Extent | xxvii,407p. |
| 653 ## - INDEX TERM--UNCONTROLLED | |
| Uncontrolled term | Artificial intelligence -- Medical applications |
| 653 ## - INDEX TERM--UNCONTROLLED | |
| Uncontrolled term | Machine learning |
| 942 ## - ADDED ENTRY ELEMENTS (KOHA) | |
| item type | Books |
| Lost status | Source of classification or shelving scheme | Not for loan | Home library | Current library | Date acquired | Cost, normal purchase price | Total Checkouts | Full call number | Barcode | Date last seen | Cost, replacement price | Price effective from | Koha item type |
|---|---|---|---|---|---|---|---|---|---|---|---|---|---|
| Universal Decimal Classification | University Library | University Library | 30/12/2024 | 1359.20 | 004.8:614 ARJ/M | 00096356 | 30/12/2024 | 1699.00 | 30/12/2024 | Books |
